[Event "AUTO-ADV-1001"]
[Site "http://www.queenalice.com/game.php?id=447637"]
[Date "2008.8.12"]
[Round "1"]
[White "luizpessoa"]
[Black "paulorobinsonben"]
[Result "0-1"]
[WhiteElo "1806"]
[BlackElo "1967"]

1. e4 e5 2. Nf3 Nc6 3. Bc4 Nf6 4. d3 Bc5 5. Ng5 O-O 6. a3 d6 7. b4 Bb6 8. c3 a5
9. b5 Ne7 10. Qb3 d5 11. exd5 a4 12. Qa2 Nexd5 13. O-O Bg4 14. h3 Bh5 15. Re1
Qd6 16. Ne4 Nxe4 17. Rxe4 Nf4 18. Bxf4 exf4 19. Nd2 f3 20. Nxf3 Bxf3 21. gxf3
Qg3+ 22. Kf1 Qxf3 23. Rae1 Qxh3+ 24. Ke2 Qh5+ 25. Kd2 Bxf2 26. R1e2 Bg3 27.
Bxf7+ Qxf7 28. Qxf7+ Rxf7 29. Re8+ Rxe8 30. Rxe8+ Rf8 31. Re2 Bd6 32. c4 Bxa3
33. Kc3 Bd6 34. Ra2 a3 35. Re2 g6 36. Kb3 b6 37. Rc2 h5 38. Rg2 Kg7 39. Re2 Rf3
40. Rd2 h4 41. Kc2 h3 42. Rd1 h2 43. Rh1 Rf2+ 44. Kb3 Rg2 45. d4 Rg1 46. Rxh2
Bxh2 47. Kxa3 g5 48. Kb3 g4 49. Kc3 g3 50. c5 bxc5 51. dxc5 g2 52. Kc4 Rc1+ 53.
Kd5 g1=Q 54. Kc6 Qxc5+ 55. Kd7 Qf5+ 56. Kd8 Rd1+ 57. Ke8 Qf7# 0-1

[Event "AUTO-ADV-1001"]
[Site "http://www.queenalice.com/game.php?id=447640"]
[Date "2008.8.12"]
[Round "1"]
[White "paulorobinsonben"]
[Black "cardiloso"]
[Result "1-0"]
[WhiteElo "1962"]
[BlackElo "1687"]

1. e4 e5 2. Nf3 Nc6 3. Bb5 Bc5 4. O-O d6 5. c3 Bd7 6. d4 exd4 7. cxd4 Bb4 8. a3
Ba5 9. Bc4 Nf6 10. b4 Bb6 11. Nc3 Bg4 12. d5 Ne5 13. Be2 Nxf3+ 14. Bxf3 Qd7 15.
a4 a6 16. a5 Ba7 17. h3 Bxf3 18. Qxf3 Bd4 19. Ra3 Qe7 20. Re1 O-O 21. Bg5 Qe5
22. Bf4 Qh5 23. Qd3 Be5 24. Bxe5 Qxe5 25. b5 Rfe8 26. f3 Nh5 27. bxa6 bxa6 28.
Rb3 Qg3 29. Kf1 Nf4 30. Qd2 Qh2 31. Rb7 Nxh3 32. Rxc7 Qg1+ 33. Ke2 Qxg2+ 34. Ke3
Qxd2+ 35. Kxd2 Rec8 36. Rc6 Rxc6 37. dxc6 Rc8 38. Nd5 Kf8 39. Rc1 1-0

[Event "AUTO-ADV-1001"]
[Site "http://www.queenalice.com/game.php?id=447641"]
[Date "2008.8.12"]
[Round "1"]
[White "cardiloso"]
[Black "paulorobinsonben"]
[Result "0-1"]
[WhiteElo "1973"]
[BlackElo "1945"]

1. e4 e5 2. Nf3 Nc6 3. Bc4 Nf6 4. Nc3 Nxe4 5. Bxf7+ Kxf7 6. Nxe4 d5 7. Neg5+ Kg8
8. d4 h6 9. Nh3 Bxh3 10. gxh3 exd4 11. Nxd4 Qf6 12. Nxc6 Re8+ 13. Be3 bxc6 14.
c3 Re4 15. Qd3 Qf3 16. Kd2 Bd6 17. Bxa7 Bf4+ 18. Be3 Qxf2+ 19. Qe2 Bxe3+ 20. Kd3
Qf5 21. Raf1 Qg6 22. Rhg1 Bxg1 0-1

[Event "AUTO-ADV-1044"]
[Site "http://www.queenalice.com/game.php?id=465581"]
[Date "2008.9.19"]
[Round "1"]
[White "paulorobinsonben"]
[Black "J_Ricardo"]
[Result "0-1"]
[WhiteElo "1906"]
[BlackElo "1621"]

1. Nf3 e6 2. g3 d5 3. d4 Nc6 4. Nc3 h6 5. Bf4 Nf6 6. Nb5 e5 7. Nxe5 Nxe5 8. Bxe5
Bd6 9. Nxd6+ cxd6 10. Bf4 Ne4 11. Bg2 Qf6 12. O-O O-O 13. c4 Qf5 14. cxd5 Qxd5
15. Qd3 Bf5 0-1

[Event "AUTO-ADV-1044"]
[Site "http://www.queenalice.com/game.php?id=465582"]
[Date "2008.9.19"]
[Round "1"]
[White "J_Ricardo"]
[Black "paulorobinsonben"]
[Result "1-0"]
[WhiteElo "1591"]
[BlackElo "1936"]

1. e4 c5 2. Bc4 e6 3. Nc3 Nf6 4. Nf3 d5 5. exd5 exd5 6. Bb5+ Nc6 7. Qe2+ Be7 8.
Ng5 O-O 9. Bd3 c4 10. Bxh7+ Nxh7 11. Nxh7 Kxh7 12. O-O 1-0

[Event "AUTO-ADV-1044"]
[Site "http://www.queenalice.com/game.php?id=465585"]
[Date "2008.9.19"]
[Round "1"]
[White "paulorobinsonben"]
[Black "josecastroman"]
[Result "0-1"]
[WhiteElo "1862"]
[BlackElo "1861"]

1. Nf3 Nc6 2. g3 e5 3. Bg2 Bc5 4. O-O d6 5. e3 Bg4 6. Qe1 Qf6 7. d4 Bxf3 8. dxc5
Bxg2 9. Kxg2 dxc5 10. Nc3 Nge7 11. b3 O-O 12. Bb2 Qg6 13. Qe2 f5 14. Nb5 Rac8
15. Rad1 a6 16. Na3 f4 17. exf4 exf4 18. Nc4 f3+ 0-1

[Event "AUTO-ADV-1044"]
[Site "http://www.queenalice.com/game.php?id=465586"]
[Date "2008.9.19"]
[Round "1"]
[White "josecastroman"]
[Black "paulorobinsonben"]
[Result "1-0"]
[WhiteElo "1844"]
[BlackElo "1879"]

1. e4 c5 2. Nf3 Nc6 3. a3 Nf6 4. Nc3 e6 5. Bc4 d5 6. exd5 exd5 7. Bb5 d4 8. Ne2
Bd6 9. h3 Qb6 10. Bc4 O-O 11. d3 Re8 12. O-O Be6 13. Bxe6 Rxe6 14. b3 1-0